00287nam a2200121Ia 45000030006000000080041000060400015000471000019000622450046000812600009001275460012001360050017001480STCL150530s9999 xx 000 0 und d aSTCLcSTCL aKulkarni, R.G. aDefict financing and economic development c1966 aEnglish20220125165628.0